00880nam a22001577a 450000500170000000800410001702000200005804100080007808000180008610000240010424501570012826400390028530000200032465303490034465300290069320250724113024.0250724s2010 en ||||| |||| 00| 0 eng d a9781849051262 X aeng a616.896 Bo-69 aBo Hejlskov Elvén aNo fighting, no biting, no screaming :bhow to make behaving positively possible for people with autism and other developmental /cHejlskov Elvén, Bo aLondon :bJessica Kingsley,c2010. a240 p.:b23 cm. aFighting, biting, screaming and other behaviours that challenge are often triggered by unsuitable surroundings or unrealistic demands. In this fresh and enlightening approach, Bo Hejlskov ElvTn shows how identifying and examining these problem. areas can dramatically improve behaviour in people with autism and other developmental disabilities aმედიცინა